00627nam a2200193 i 450000100060000000300090000600500170001500700030003200800410003510000300007624500960010626000680020230000210027049000300029170000290032170000300035083000300038085200230041036419ES-MaACL20230906155350.0t|030218s1917 sp ||||1| spa d1 aBuisan Pellicer, Eduardo.10aPara los niños / cDr. Buisan Pellicer, Aurea Galindo y Ortega, G. Quintilla Aramendía. aMadrid : b[s.n.], c1917 (fImprenta del Asilo de Huérfanos) a41 p. ; c21 cm.1 aBiblioteca "Pro infantia"1 aGalindo y Ortega, Aurea.1 aQuintilla Aramendía, G.0 aBiblioteca "Pro infantia" aES-MaACLj1559-F-4